| 000 | 00481cam a22001097a 4500 | ||
|---|---|---|---|
| 008 | 180718b1976 xxu||||| |||| 00| 0 eng d | ||
| 082 | _aR11068x54 In2cs | ||
| 245 |
_aReport of survey on employment in caustic soda and soda- ash India _cby Directorate General of Employment & Training, Ministry of Labour |
||
| 260 |
_aNew Delhi _bDirectorate General of Employment & Training _c1976 |
||
| 300 | _a105p. | ||
| 700 | _aIndia. Directorate General of Employment & Training, Ministry of Labour | ||
| 999 |
_c495679 _d495679 |
||